Financial fragility or what went right and what could go wrong in central european banking?
Gespeichert in:
| 1. Verfasser: | |
|---|---|
| Weitere Verfasser: | |
| Format: | Buch |
| Sprache: | Englisch |
| Veröffentlicht: |
Bonn
Zentrum für Europäische Integrationsforschung
1999
|
| Schriftenreihe: | Working paper
B 13 |
| Schlagworte: | |
| Tags: |
Keine Tags, Fügen Sie das erste Tag hinzu!
|
MARC
| LEADER | 00000nam a2200000 4500 | ||
|---|---|---|---|
| 001 | c131242 | ||
| 005 | 20221108123729.0 | ||
| 022 | |a 1436-6053 | ||
| 041 | 0 | |a eng | |
| 044 | |a DE | ||
| 245 | 1 | 0 | |a Financial fragility or what went right and what could go wrong in central european banking? |c Christian E. Weller and Jürgen von Hagen |
| 264 | 1 | |a Bonn |b Zentrum für Europäische Integrationsforschung |c 1999 | |
| 300 | |a 24 s. | ||
| 490 | 1 | |a Working paper |v B 13 | |
| 830 | 0 | |a Working paper |v B 13 | |
| 610 | 2 | 0 | |a banky |
| 610 | 2 | 0 | |a bankovníctvo |
| 610 | 2 | 0 | |a politika finančná |
| 610 | 2 | 0 | |a transformácia |
| 610 | 2 | 0 | |a politika hospodárska |
| 610 | 2 | 0 | |a kríza banková |
| 610 | 2 | 0 | |a politika peňažná |
| 610 | 2 | 0 | |a kurz devízový |
| 610 | 2 | 0 | |a regulácia |
| 610 | 2 | 0 | |a dohľad bankový |
| 610 | 2 | 0 | |a SVE |
| 100 | 1 | |a Weller, Christian E. | |
| 700 | 1 | |a Hagen, Jürgen von | |